000 00624nam a2200217 a 4500
001 74355
003 BD-RjUL
005 20211209082536.0
008 180724s2015 ii ||||| |||| 000 0 eng d
020 _a9788175247581
_cTk.900.00
035 _a(BD-RjUL)74573
040 _aBD-RjUL
_beng
_cBD-RjUL
041 _aeng
082 _223
_a796.07
_bSIF 2015
100 1 _aSing, Vivek Kumar
_9221888
245 1 0 _aFundamentals of Sports Phychology /
_c Vivek Kumar Sing,
260 _aNew Delhi :
_bkhel Sahitya kendra ,
_c2015
300 _a293 p. ;
_c22 cm.
650 _aSports
_vPsychological aspects
_9221889
942 _2ddc
_cBK
999 _c74355
_d74355